000 00715nam a2200193Ia 4500
999 _c2684
_d2684
003 DO-SdBJH
005 20180416181811.0
008 180414s9999 dr 000 0 spa d
040 _aDO-SdBJH
_bspa
_cDO-SdBJH
090 _aDM FM 41-10 2006
110 _aInstituto de Cooperación para la Seguridad Hemisférica
245 1 0 _aFM 3-05.40 (FM 41-10) Civil affairs operations / Instituto de Cooperación para la Seguridad Hemisférica
260 _aFuerte Benning, Georgia : Cuartel General Secretaría del Ejército, 2006
300 _av, 102 páginas en varias paginaciones
490 _aFM 3-05.40 (FM 41-10)
504 _aIncluye apéndices
650 4 _aAsuntos civiles -- Operaciones
942 _2ddc
_cBK